00806cam a22002531 4500001001300000003000400013005001700017008004100034010001700075035001900092040003300111042001200144043001200156050001600168100003800184245004200222260004800264300003900312500004400351651005100395650002400446711006500470999001700535sa 65007835 DLC20260227112151.0810424s1961 ii ac 000 0 eng  asa 65007835  a(OCoLC)7364134 aDLCcMiRochOUdMiRochOUdDLC apremarc aa-ii---00aDS463b.C381 aChatterji, Jogesh Chandra,d1895-10aIndian revolutionaries in conference. aCalcutta,bFirma K.L. Mukhopadhyayc[1961?] avii, 77 p.billus., ports.c23 cm. a"Report of the Conference": p. [37]-72. 0aIndiaxHistoryyBritish occupation, 1765-1947. 0aNationalismzIndia.2 aConference of Indian Revolutionariesd(1958 :cDelhi, India) c65396d65396